[Event "Titled Tuesday intern op 09th Jul Early"]
[Site "Chess.com INT"]
[Date "2024.07.09"]
[Round "10"]
[White "Acosta, Pablo Ismael"]
[Black "Galaktionov, Artem"]
[Result "1-0"]
[WhiteElo "2449"]
[BlackElo "2358"]
[PlyCount "135"]
[EventDate "2024.07.09"]
[EventType "swiss (blitz)"]
[EventRounds "11"]
[EventCountry "USA"]
[SourceTitle "EXT 2025"]
[Source "ChessBase"]
[SourceDate "2024.10.14"]
[SourceVersion "1"]
[SourceVersionDate "2024.10.14"]
[SourceQuality "1"]

1. c4 c6 2. Nf3 g6 3. e3 Bg7 4. Be2 Nf6 5. 0-0 0-0 6. b3 d6 7. Bb2 e5 8. d3 Re8 9. Nbd2 a5 10. Qc2 Bf5 11. Ne4 Qc7 12. Nh4 Be6 13. f4 Nxe4 14. dxe4 Qe7 15. Nf3 Bc8 16. f5 Bh6 17. Qc3 Na6 18. Rae1 Nc5 19. Bd3 Nxd3 20. Qxd3 gxf5 21. exf5 f6 22. Nd2 Rd8 23. Rf3 d5 24. Rh3 Bg7 25. Rf1 a4 26. Qe2 axb3 27. axb3 Ra2 28. Bc3 dxc4 29. Qxc4+ Qf7 30. Qh4 Rdxd2 31. Qxh7+ Kf8 32. Bb4+ Ke8 33. Bxd2 Rxd2 34. Rg3 Bf8 35. Qh8 c5 36. h4 Rd7 37. h5 Qh7 38. Qxf6 Qxh5 39. Qxe5+ Re7 40. Qxc5 Bd7 41. Qd4 Bc6 42. f6 Rd7 43. Qg4 Qxg4 44. Rxg4 Kf7 45. Rh4 Rd6 46. b4 Rxf6 47. Rh7+ Kg6 48. Rxf6+ Kxf6 49. b5 Be4 50. Rh4 Ke5 51. Rh5+ Ke6 52. Rh4 Bd3 53. b6 Bc5 54. Kf2 Kd5 55. Rh6 Kc4 56. g4 Kb5 57. g5 Bxb6 58. g6 Bc4 59. g7 Bc5 60. Rh5 Kb4 61. Rh4 b5 62. g8Q Kb3 63. Rxc4 bxc4 64. Qb8+ Bb4 65. Ke2 c3 66. Kd3 c2 67. Qc8 c1Q 68. Qxc1 1-0